| 000 | 00436nam a22001811a 4500 | ||
|---|---|---|---|
| 020 | _a9788131604274 | ||
| 082 |
_a305.568 8 _bDEB/D |
||
| 100 | _aDebi Chatterjee | ||
| 245 |
_aDalits rights/human rights/ _cby Debi Chatterjee |
||
| 260 |
_aJaipur: _bRawat, _c2011. |
||
| 300 | _a237p. | ||
| 650 | _aHuman Rights | ||
| 650 | _aDalit Rights | ||
| 650 | _aDalit Studies | ||
| 650 | _aDalits | ||
| 650 | _aSocial Sciences | ||
| 942 | _cBK | ||
| 999 |
_c9806 _d9806 |
||